000
00285nam a22001337a 4500
020
_a
0-273-00191-4
082
_a
004 EME'E
100
_a
EMERY, G
_9
74971
245
_a
ELECTRONIC DATA PROCESSING
250
_a
2ND
260
_a
LONDON
_b
PITMAN
_c
1979
300
_a
422P
942
_c
BK
999
_c
580473
_d
580473